<?xml version="1.0" encoding="UTF-8"?>
<collection xmlns="http://www.loc.gov/MARC21/slim">
 <record>
  <leader>01473pam a22002658a 4500</leader>
  <controlfield tag="001">00023892</controlfield>
  <controlfield tag="005">20171026081022.0</controlfield>
  <controlfield tag="008">110702s2003                  ||||||Viesd</controlfield>
  <datafield tag="041" ind1="0" ind2="#">
   <subfield code="a">Vie</subfield>
  </datafield>
  <datafield tag="082" ind1="1" ind2="4">
   <subfield code="a">571.207 6</subfield>
   <subfield code="b">GI108TR</subfield>
  </datafield>
  <datafield tag="100" ind1="0" ind2="#">
   <subfield code="a">Hoàng Minh Tấn</subfield>
   <subfield code="e">chủ biên</subfield>
  </datafield>
  <datafield tag="245" ind1="0" ind2="0">
   <subfield code="a">Giáo trình sinh lí thực vật</subfield>
   <subfield code="b">Dùng cho các trường CĐSP Kĩ thuật Nông nghiệp</subfield>
   <subfield code="c">Hoàng Minh Tấn, Vũ Quang Sáng, Nguyễn Kim Thanh</subfield>
  </datafield>
  <datafield tag="260" ind1="#" ind2="#">
   <subfield code="a">H.</subfield>
   <subfield code="b">ĐH Sư phạm</subfield>
   <subfield code="c">2003</subfield>
  </datafield>
  <datafield tag="300" ind1="#" ind2="#">
   <subfield code="a">392 tr.</subfield>
   <subfield code="c">24 cm.</subfield>
  </datafield>
  <datafield tag="650" ind1="#" ind2="4">
   <subfield code="a">Giáo trình</subfield>
  </datafield>
  <datafield tag="650" ind1="#" ind2="4">
   <subfield code="a">Thực vật</subfield>
  </datafield>
  <datafield tag="653" ind1="#" ind2="#">
   <subfield code="a">Sinh lí</subfield>
  </datafield>
  <datafield tag="700" ind1="0" ind2="#">
   <subfield code="a">Nguyễn Kim Thanh</subfield>
   <subfield code="e">tác giả</subfield>
  </datafield>
  <datafield tag="700" ind1="0" ind2="#">
   <subfield code="a">Vũ Quang Sáng</subfield>
   <subfield code="e">tác giả</subfield>
  </datafield>
  <datafield tag="852" ind1="#" ind2="#">
   <subfield code="b">Kho giáo trình</subfield>
   <subfield code="j">KGT.0008537, KGT.0032832, KGT.0032853, KGT.0032859, KGT.0032915, KGT.0032965</subfield>
  </datafield>
  <datafield tag="852" ind1="#" ind2="#">
   <subfield code="b">Kho mượn</subfield>
   <subfield code="j">KGT.0008537</subfield>
  </datafield>
  <datafield tag="852" ind1="#" ind2="#">
   <subfield code="j">KGT.0008538</subfield>
   <subfield code="j">KGT.0008539</subfield>
   <subfield code="j">KGT.0008540</subfield>
   <subfield code="j">KGT.0008541</subfield>
   <subfield code="j">KGT.0008543</subfield>
   <subfield code="j">KGT.0008544</subfield>
   <subfield code="j">KGT.0008548</subfield>
   <subfield code="j">KGT.0008549</subfield>
   <subfield code="j">KGT.0008551</subfield>
   <subfield code="j">KGT.0008552</subfield>
   <subfield code="j">KGT.0008556</subfield>
   <subfield code="j">KGT.0008557</subfield>
   <subfield code="j">KGT.0008559</subfield>
   <subfield code="j">KGT.0008560</subfield>
   <subfield code="j">KGT.0008562</subfield>
   <subfield code="j">KGT.0008565</subfield>
   <subfield code="j">KGT.0032832</subfield>
   <subfield code="j">KGT.0032915</subfield>
   <subfield code="j">KGT.0032965</subfield>
   <subfield code="j">KGT.0032859</subfield>
   <subfield code="j">KGT.0049191</subfield>
   <subfield code="j">KGT.0008545</subfield>
   <subfield code="j">KGT.0008546</subfield>
   <subfield code="j">KGT.0008554</subfield>
   <subfield code="j">KGT.0008555</subfield>
   <subfield code="j">KGT.0008563</subfield>
   <subfield code="j">KGT.0008564</subfield>
   <subfield code="j">KGT.0008537</subfield>
   <subfield code="j">KGT.0008542</subfield>
   <subfield code="j">KGT.0008550</subfield>
   <subfield code="j">KGT.0008553</subfield>
   <subfield code="j">KGT.0008558</subfield>
   <subfield code="j">KGT.0008561</subfield>
   <subfield code="j">KGT.0008566</subfield>
   <subfield code="j">KGT.0032853</subfield>
   <subfield code="j">KGT.0008547</subfield>
  </datafield>
  <datafield tag="910" ind1="0" ind2="#">
   <subfield code="d">02/07/2011</subfield>
  </datafield>
  <datafield tag="980" ind1="#" ind2="#">
   <subfield code="a">Trung tâm Học liệu Lê Vũ Hùng, Trường Đại học Đồng Tháp</subfield>
  </datafield>
 </record>
</collection>
